00540nam a2200157Ia 4500008004100000020001800041082001700059100003200076245006300108250000600171260002400177300001000201650006300211952009100274999001700365120629s9999 xx 000 0 und d a968-401-145-8 a345.82 C828d aCortes Ibarra, Miguel Angel aDerecho Penal : parte general / Miguel Angel Cortes Ibarra a5 aMéxico : Cardenas a574 p a1. DERECHO PENAL-MEXICO \ 2. PROCEDIMIENTO PENAL-MEXICOÌ 00104070a15b15d2008-06-23l0o345.82 C828Dp15 002794r2017-12-07w2012-06-28yLB c76276d76276